000 00238nam a2200097Ia 4500
001 796184
005 20250826170742.0
008 250824s9999 xx 000 0 und d
245 0 _aŞEYH EDEBALİ
_cMUSTAFA AKGÜN
260 _bPANAMA YAYINLARI
999 _c796184
_d796184